000 00925cam a2200253K 4500
001 BD-DhSAU 6519
003 BD-DhSAU
005 20150509152000.0
008 100311s1927 nyuab r 001 0 eng d
040 _aBD-DhSAU
082 0 4 _a630
_bKIF
_222
100 1 _aKing, F. H.
_q(Franklin Hiram),
_d1848-1911.
245 1 0 _aFarmers of forty centuries /
_bor, Permanent agriculture in China, Korea and Japan /
_cBy F.H. King. Edited by J.P. Bruce.
260 _aNew York :
_bHarcourt & Brace,
_cc1927.
300 _a379 p. :
_bill. ;
_c21 cm.
504 _aIncludes index.
590 _ajoy
650 0 _aAgriculture
_zChina.
650 0 _aAgriculture
_zJapan.
650 0 _aAgriculture
_zKorea.
650 0 _aAgronomy.
700 1 _aBruce, J. Percy
_q(Joseph Percy),
_db. 1861.
776 0 8 _iPrint version:
_aKing, F. H. (Franklin Hiram), 1848-1911.
_tFarmers of forty centuries.
_dNew York, Harcourt & Brace [1927]
_w(OCoLC)1168260
942 _2ddc
_cBOOK
999 _c6519
_d6519